| 000 | 00465nam a2200169Ia 4500 | ||
|---|---|---|---|
| 003 | OSt | ||
| 005 | 20260309123049.0 | ||
| 008 | 211028s2011 xx 000 0 und d | ||
| 040 | _cAIMIT LIBRARY | ||
| 041 | _aeng | ||
| 100 |
_aFaizal H, Mohammed; B L, Srinivas. _g81760 _93486 |
||
| 110 |
_aBharathi Pilar _93487 |
||
| 245 | _aERP module-1 accounting for universal links / | ||
| 260 |
_aBangalore _c2011 |
||
| 710 |
_aKasturba Hospital _93488 |
||
| 942 |
_2ddc _cPRO |
||
| 999 |
_c217248 _d217248 |
||